Normal view
MARC view
- Murray, Jerome T
Entry Personal Name
001 - CONTROL NUMBER
- control field: 112717
003 - CONTROL NUMBER IDENTIFIER
- control field: NUST
005 - DATE AND TIME OF LATEST TRANSACTION
- control field: 20230526175908.0
008 - FIXED-LENGTH DATA ELEMENTS
- fixed length control field: 230526|| aca||aabn | a|a d
040 ## - CATALOGING SOURCE
- Original cataloging agency: NUST
- Transcribing agency: NUST
100 ## - HEADING--PERSONAL NAME
- Personal name: Murray, Jerome T
670 ## - SOURCE DATA FOUND
- Source citation: Work cat.: (NUST)176161: Murray, Jerome T., Systems analysis and design: in an IBM environment /, [1973]
